Trombinoscope animaux - Statistiques

Statistiques générales
  • Ce quiz a été pris 2 473 fois
  • Le résultat moyen est 65 sur 100
Statistiques - réponses
Hint Réponse % Correct
Grenouille
75%
Coccinelle
75%
Flamant rose
75%
Panda
74%
Rhinocéros
74%
Sanglier
74%
Ours brun
74%
Poisson-clown
74%
Gorille
74%
Canard
74%
Tigre
74%
Papillon
74%
Zèbre
74%
Cygne
74%
Dauphin
74%
Corbeau
74%
Lion
74%
Éléphant
74%
Araignée
73%
Chien
73%
Hippopotame
73%
Coq
73%
Hérisson
73%
Baleine bleue
73%
Chat
73%
Girafe
73%
Requin
73%
Serpent
72%
Autruche
72%
Taureau
72%
Crabe
72%
Caméléon
72%
Tortue
72%
hippocampe
72%
Pélican
72%
Paon
72%
Koala
72%
Cochon
72%
Scarabée
72%
Orque
71%
Rouge-gorge
71%
Narval
70%
Antilope
70%
Âne
70%
Dromadaire
70%
Colibri
69%
Abeille
69%
Hyène
69%
Morse
69%
Perruche
68%
Fennec
68%
Renard
68%
Loup
67%
Blaireau
67%
Aigle
67%
Vache
67%
Poule
67%
Chameau
67%
Phoque
67%
Salamandre
67%
Chouette
67%
Manchot
66%
Guêpe
66%
Tatou
66%
Furet
65%
Dindon
65%
Hibou
65%
Marmotte
65%
Dragon de Komodo
64%
Suricate
64%
Lama
64%
Rat
63%
Axololt
63%
Castor
62%
Panthère
61%
Crocodile
61%
Iguane
61%
Cheval
61%
Loutre
60%
Écureuil
60%
Hamster
60%
Guépard
59%
Alligator
58%
Cacatoès
57%
Jaguar
57%
Alpaga
55%
Kangourou
55%
Wallaby
54%
Pingouin
54%
Souris
53%
Faucon
52%
Chacal
50%
Mule
48%
Belette
44%
Casoar
43%
Mandrill
43%
Aye-Aye
42%
Moloch
34%
Mangouste
31%
Gerbille
30%
Aucun quiz correspondant
Distribution des résultats
% des personnes avec chaque résultat
Percentile par nombre de réponses
Votre historique - résultats
Vous n’avez pas pris ce quiz